[Event "World Team Chess Championship"]
[Site "Khanty-Mansiysk, RUS."]
[Date "2017.06.23"]
[Round "6.3"]
[White "Aleksandrov Aleksej (BLR)"]
[Black "Salomon Johan (NOR)"]
[Result "1/2-1/2"]
[BlackElo "2501"]
[WhiteElo "2565"]
[LiveChessVersion "1.4.8"]

1. d4 {[%clk 1:30:56]} Nf6 {[%clk 1:30:57]} 2. Nf3 {[%clk 1:31:20]} e6
{[%clk 1:29:46]} 3. Bf4 {[%clk 1:31:27]} Be7 {[%clk 1:29:47]} 4. h3
{[%clk 1:19:57]} c5 {[%clk 1:30:10]} 5. c3 {[%clk 1:20:16]} cxd4 {[%clk 1:28:38]}
6. cxd4 {[%clk 1:20:40]} Qb6 {[%clk 1:29:02]} 7. b3 {[%clk 1:20:56]} Nc6
{[%clk 1:21:44]} 8. e3 {[%clk 0:54:58]} O-O {[%clk 1:09:22]} 9. Be2
{[%clk 0:47:38]} Bb4+ {[%clk 1:03:43]} 10. Nfd2 {[%clk 0:47:36]} Nxd4
{[%clk 0:50:52]} 11. Be5 {[%clk 0:39:14]} Nxe2 {[%clk 0:48:21]} 12. Bxf6
{[%clk 0:34:37]} gxf6 {[%clk 0:45:13]} 13. Qxe2 {[%clk 0:35:03]} d5
{[%clk 0:41:22]} 14. O-O {[%clk 0:35:10]} Bd7 {[%clk 0:35:30]} 15. Rd1
{[%clk 0:35:30]} Bd6 {[%clk 0:30:20]} 16. Qg4+ {[%clk 0:35:24]} Kh8
{[%clk 0:30:48]} 17. Nf3 {[%clk 0:35:19]} Rg8 {[%clk 0:29:55]} 18. Qh4
{[%clk 0:35:36]} Rg6 {[%clk 0:29:23]} 19. Nbd2 {[%clk 0:31:48]} Rag8
{[%clk 0:28:00]} 20. Kh1 {[%clk 0:32:13]} Qd8 {[%clk 0:17:45]} 21. Rg1
{[%clk 0:31:54]} Qf8 {[%clk 0:17:46]} 22. Qd4 {[%clk 0:29:49]} Qh6
{[%clk 0:15:19]} 23. e4 {[%clk 0:21:43]} e5 {[%clk 0:10:40]} 24. Qe3
{[%clk 0:19:44]} Qxe3 {[%clk 0:09:13]} 25. fxe3 {[%clk 0:20:13]} Bc5
{[%clk 0:09:12]} 26. Rae1 {[%clk 0:20:38]} Bc6 {[%clk 0:07:17]} 27. exd5
{[%clk 0:20:08]} Bxd5 {[%clk 0:07:43]} 28. Re2 {[%clk 0:20:06]} Bc6
{[%clk 0:06:52]} 29. Rc1 {[%clk 0:18:51]} Bb4 {[%clk 0:05:24]} 30. e4
{[%clk 0:18:59]} Bxd2 {[%clk 0:04:58]} 31. Nxd2 {[%clk 0:19:14]} f5
{[%clk 0:04:13]} 32. Nf3 {[%clk 0:17:28]} Bxe4 {[%clk 0:02:52]} 33. Nxe5
{[%clk 0:17:49]} R6g7 {[%clk 0:01:19]} 34. Rc7 {[%clk 0:17:58]} h6
{[%clk 0:01:15]} 35. h4 {[%clk 0:12:34]} f6 {[%clk 0:01:05]} 36. Rxg7
{[%clk 0:12:45]} Rxg7 {[%clk 0:01:17]} 37. Nf3 {[%clk 0:11:06]} Kh7
{[%clk 0:01:18]} 38. Kh2 {[%clk 0:10:49]} Kg6 {[%clk 0:01:22]} 39. Nd4
{[%clk 0:10:05]} Rd7 {[%clk 0:01:04]} 40. Ne6 {[%clk 0:40:24]} Kf7
{[%clk 0:31:23]} 41. Nf4 {[%clk 0:40:20]} Rd1 {[%clk 0:28:52]} 42. Kg3
{[%clk 0:32:54]} Ke7 {[%clk 0:27:38]} 43. Kf2 {[%clk 0:33:12]} Kd6
{[%clk 0:25:17]} 44. Ke3 {[%clk 0:32:58]} Rh1 {[%clk 0:22:07]} 45. g3
{[%clk 0:32:52]} Rf1 {[%clk 0:19:14]} 46. Rd2+ {[%clk 0:33:16]} Kc6
{[%clk 0:18:37]} 47. Nh5 {[%clk 0:30:33]} Rf3+ {[%clk 0:17:43]} 48. Kd4
{[%clk 0:30:40]} Kb5 {[%clk 0:15:19]} 49. Nxf6 {[%clk 0:27:29]} Rxg3
{[%clk 0:14:34]} 50. Nxe4 {[%clk 0:27:42]} Rg4 {[%clk 0:14:05]} 51. Kc3
{[%clk 0:26:53]} Rxe4 {[%clk 0:13:10]} 52. Rd5+ {[%clk 0:24:18]} Kc6
{[%clk 0:13:34]} 53. Rxf5 {[%clk 0:24:44]} Rxh4 {[%clk 0:13:59]} 54. Rf6+
{[%clk 0:23:26]} 1/2-1/2

[Event "World Team Chess Championship"]
[Site "Khanty-Mansiysk, RUS."]
[Date "2017.06.23"]
[Round "6.4"]
[White "Elsness Frode (NOR)"]
[Black "Fedorov Alexei (BLR)"]
[Result "0-1"]
[BlackElo "2598"]
[WhiteElo "2466"]
[LiveChessVersion "1.4.8"]

1. d4 {[%clk 1:30:58]} Nf6 {[%clk 1:30:53]} 2. c4 {[%clk 1:31:22]} g6
{[%clk 1:31:19]} 3. Nc3 {[%clk 1:31:47]} Bg7 {[%clk 1:31:44]} 4. e4
{[%clk 1:32:14]} d6 {[%clk 1:32:07]} 5. Nf3 {[%clk 1:32:40]} O-O {[%clk 1:32:14]}
6. Be2 {[%clk 1:33:06]} c5 {[%clk 1:31:29]} 7. d5 {[%clk 1:32:07]} e6
{[%clk 1:31:45]} 8. O-O {[%clk 1:30:34]} exd5 {[%clk 1:29:55]} 9. exd5
{[%clk 1:30:33]} Re8 {[%clk 1:29:27]} 10. Bd3 {[%clk 1:26:22]} Bg4
{[%clk 1:27:34]} 11. h3 {[%clk 1:25:57]} Bxf3 {[%clk 1:27:50]} 12. Qxf3
{[%clk 1:26:23]} Nfd7 {[%clk 1:21:14]} 13. Qd1 {[%clk 1:23:12]} Ne5
{[%clk 1:18:57]} 14. Be2 {[%clk 1:21:53]} f5 {[%clk 1:18:27]} 15. Re1
{[%clk 1:10:50]} Nbd7 {[%clk 1:15:12]} 16. Bd2 {[%clk 1:04:04]} g5
{[%clk 1:04:04]} 17. f4 {[%clk 0:58:28]} gxf4 {[%clk 0:54:14]} 18. Bxf4
{[%clk 0:55:05]} Nf8 {[%clk 0:49:03]} 19. Qd2 {[%clk 0:40:51]} Nfg6
{[%clk 0:48:17]} 20. Bg5 {[%clk 0:38:32]} Qd7 {[%clk 0:39:47]} 21. Rf1
{[%clk 0:35:49]} Rf8 {[%clk 0:37:14]} 22. Bh6 {[%clk 0:22:39]} f4
{[%clk 0:35:30]} 23. Bxg7 {[%clk 0:21:39]} Qxg7 {[%clk 0:35:45]} 24. Kh1
{[%clk 0:19:49]} Rae8 {[%clk 0:25:45]} 25. Rf2 {[%clk 0:19:27]} Qh6
{[%clk 0:22:33]} 26. Raf1 {[%clk 0:18:14]} a6 {[%clk 0:21:40]} 27. b3
{[%clk 0:16:11]} Qh4 {[%clk 0:20:58]} 28. Bf3 {[%clk 0:14:49]} Re7
{[%clk 0:17:21]} 29. a4 {[%clk 0:10:03]} Nxf3 {[%clk 0:16:20]} 30. Rxf3
{[%clk 0:10:06]} Rfe8 {[%clk 0:16:35]} 31. R3f2 {[%clk 0:05:35]} Re3
{[%clk 0:15:26]} 32. Qc2 {[%clk 0:05:46]} Qh5 {[%clk 0:09:38]} 33. Nd1
{[%clk 0:03:07]} Re1 {[%clk 0:09:13]} 34. Kg1 {[%clk 0:01:35]} R1e7
{[%clk 0:06:25]} 35. Qc3 {[%clk 0:01:17]} Qg5 {[%clk 0:06:10]} 36. Qd2
{[%clk 0:01:16]} Re3 {[%clk 0:05:03]} 37. Nc3 {[%clk 0:00:35]} Rxh3
{[%clk 0:03:30]} 38. Ne2 {[%clk 0:01:01]} Rh4 {[%clk 0:02:57]} 39. Nxf4
{[%clk 0:00:41]} Qg3 {[%clk 0:03:00]} 40. Nh3 {[%clk 0:30:32]} Rxh3
{[%clk 0:33:20]} 0-1

[Event "World Team Chess Championship"]
[Site "Khanty-Mansiysk, RUS."]
[Date "2017.06.23"]
[Round "6.7"]
[White "Piorun Kacper (POL)"]
[Black "Matlakov Maxim (RUS)"]
[Result "1/2-1/2"]
[BlackElo "2714"]
[WhiteElo "2631"]
[LiveChessVersion "1.4.8"]

1. e4 {[%clk 1:30:56]} e5 {[%clk 1:30:49]} 2. Nf3 {[%clk 1:31:18]} Nc6
{[%clk 1:31:01]} 3. Bb5 {[%clk 1:31:42]} a6 {[%clk 1:31:05]} 4. Ba4
{[%clk 1:32:05]} Nf6 {[%clk 1:31:10]} 5. O-O {[%clk 1:32:25]} Be7
{[%clk 1:31:35]} 6. Re1 {[%clk 1:32:50]} b5 {[%clk 1:31:42]} 7. Bb3
{[%clk 1:33:14]} d6 {[%clk 1:32:07]} 8. c3 {[%clk 1:33:14]} O-O {[%clk 1:32:25]}
9. h3 {[%clk 1:33:37]} Re8 {[%clk 1:31:38]} 10. d4 {[%clk 1:33:01]} Bb7
{[%clk 1:32:01]} 11. Nbd2 {[%clk 1:33:02]} Bf8 {[%clk 1:32:06]} 12. a4
{[%clk 1:33:09]} Na5 {[%clk 1:28:43]} 13. Bc2 {[%clk 1:27:13]} exd4
{[%clk 1:27:10]} 14. cxd4 {[%clk 1:26:48]} b4 {[%clk 1:27:33]} 15. b3
{[%clk 1:16:23]} g6 {[%clk 1:25:21]} 16. d5 {[%clk 1:16:05]} Bg7 {[%clk 1:21:43]}
17. Bb2 {[%clk 1:15:35]} c6 {[%clk 1:16:30]} 18. dxc6 {[%clk 1:12:30]} Bxc6
{[%clk 1:15:17]} 19. Nd4 {[%clk 0:58:33]} Bb7 {[%clk 1:14:11]} 20. Qf3
{[%clk 0:57:06]} Rc8 {[%clk 1:04:54]} 21. Rad1 {[%clk 0:51:50]} d5
{[%clk 0:58:22]} 22. e5 {[%clk 0:39:15]} Nd7 {[%clk 0:56:59]} 23. Nf1
{[%clk 0:34:21]} Qh4 {[%clk 0:36:48]} 24. Bf5 {[%clk 0:09:57]} Nxe5
{[%clk 0:29:29]} 25. Rxe5 {[%clk 0:10:20]} Rxe5 {[%clk 0:27:20]} 26. Bxc8
{[%clk 0:10:45]} Bxc8 {[%clk 0:27:46]} 27. Ne3 {[%clk 0:07:08]} Qe4
{[%clk 0:22:06]} 28. Qg3 {[%clk 0:05:38]} Re8 {[%clk 0:21:25]} 29. Qd6
{[%clk 0:05:07]} Nxb3 {[%clk 0:17:16]} 30. Qxb4 {[%clk 0:05:13]} Nxd4
{[%clk 0:16:24]} 31. Bxd4 {[%clk 0:05:15]} Be6 {[%clk 0:13:51]} 32. Qb6
{[%clk 0:02:44]} Rc8 {[%clk 0:07:33]} 33. Bxg7 {[%clk 0:01:01]} Kxg7
{[%clk 0:07:59]} 34. Qxa6 {[%clk 0:00:42]} d4 {[%clk 0:08:21]} 35. Nf1
{[%clk 0:01:03]} Rc2 {[%clk 0:06:10]} 36. Qd6 {[%clk 0:00:32]} Bd5
{[%clk 0:05:54]} 37. Qg3 {[%clk 0:00:36]} Qe2 {[%clk 0:05:39]} 38. Rd2
{[%clk 0:00:34]} Rxd2 {[%clk 0:05:17]} 39. Nxd2 {[%clk 0:01:03]} Qxd2
{[%clk 0:01:07]} 40. Qe5+ {[%clk 0:31:22]} f6 {[%clk 0:31:04]} 41. Qxd5
{[%clk 0:31:47]} d3 {[%clk 0:31:20]} 42. Qd7+ {[%clk 0:29:12]} Kh6
{[%clk 0:31:40]} 43. Qd8 {[%clk 0:18:07]} Qc3 {[%clk 0:18:33]} 44. Kh2
{[%clk 0:13:30]} d2 {[%clk 0:04:12]} 45. f4 {[%clk 0:13:49]} g5 {[%clk 0:01:20]}
46. g4 {[%clk 0:12:02]} gxf4 {[%clk 0:01:38]} 47. Qf8+ {[%clk 0:12:25]} Kg6
{[%clk 0:02:00]} 48. Qg8+ {[%clk 0:12:52]} Kh6 {[%clk 0:02:27]} 49. Qf8+
{[%clk 0:13:18]} Kg6 {[%clk 0:02:54]} 1/2-1/2

[Event "World Team Chess Championship"]
[Site "Khanty-Mansiysk, RUS."]
[Date "2017.06.23"]
[Round "6.8"]
[White "Fedoseev Vladimir (RUS)"]
[Black "Gajewski Grzegorz (POL)"]
[Result "1-0"]
[BlackElo "2628"]
[WhiteElo "2690"]
[LiveChessVersion "1.4.8"]

1. d4 {[%clk 1:30:11]} Nf6 {[%clk 1:30:53]} 2. c4 {[%clk 1:30:34]} e6
{[%clk 1:31:20]} 3. Nf3 {[%clk 1:30:55]} d5 {[%clk 1:31:44]} 4. Nc3
{[%clk 1:31:19]} Bb4 {[%clk 1:32:09]} 5. e3 {[%clk 1:30:06]} O-O {[%clk 1:32:30]}
6. Bd2 {[%clk 1:30:04]} b6 {[%clk 1:28:21]} 7. cxd5 {[%clk 1:30:02]} exd5
{[%clk 1:28:46]} 8. Rc1 {[%clk 1:30:17]} Be7 {[%clk 1:28:04]} 9. Bd3
{[%clk 1:28:59]} Bb7 {[%clk 1:28:07]} 10. O-O {[%clk 1:29:15]} Nbd7
{[%clk 1:27:29]} 11. Be1 {[%clk 1:29:34]} c5 {[%clk 1:27:26]} 12. Ne5
{[%clk 1:29:48]} cxd4 {[%clk 1:25:37]} 13. Nxd7 {[%clk 1:30:10]} Nxd7
{[%clk 1:26:04]} 14. exd4 {[%clk 1:30:23]} Nf6 {[%clk 1:26:11]} 15. f3
{[%clk 1:24:27]} g6 {[%clk 1:21:59]} 16. Bh4 {[%clk 1:08:25]} Nh5
{[%clk 1:18:32]} 17. Bxe7 {[%clk 1:08:38]} Qxe7 {[%clk 1:19:00]} 18. Qd2
{[%clk 1:03:46]} Qf6 {[%clk 1:14:06]} 19. Bb1 {[%clk 1:02:41]} Rfe8
{[%clk 1:05:42]} 20. f4 {[%clk 0:58:05]} Re7 {[%clk 0:55:43]} 21. g4
{[%clk 0:56:25]} Ng7 {[%clk 0:55:50]} 22. f5 {[%clk 0:54:01]} g5 {[%clk 0:52:27]}
23. h4 {[%clk 0:54:09]} h6 {[%clk 0:48:51]} 24. hxg5 {[%clk 0:54:22]} hxg5
{[%clk 0:49:18]} 25. Rf3 {[%clk 0:53:49]} Kf8 {[%clk 0:24:29]} 26. Rh3
{[%clk 0:53:28]} Ke8 {[%clk 0:24:40]} 27. Nb5 {[%clk 0:52:11]} Kd8
{[%clk 0:23:45]} 28. Qh2 {[%clk 0:50:11]} Rc8 {[%clk 0:21:13]} 29. Rxc8+
{[%clk 0:48:55]} Bxc8 {[%clk 0:17:57]} 30. Rh6 {[%clk 0:49:15]} Re1+
{[%clk 0:16:59]} 31. Kf2 {[%clk 0:49:38]} Qe7 {[%clk 0:17:20]} 32. Qd6+
{[%clk 0:50:00]} 1-0

[Event "World Team Chess Championship"]
[Site "Khanty-Mansiysk, RUS."]
[Date "2017.06.23"]
[Round "6.10"]
[White "Korobov Anton (UKR)"]
[Black "Yu Yangyi (CHN)"]
[Result "1/2-1/2"]
[BlackElo "2749"]
[WhiteElo "2711"]
[LiveChessVersion "1.4.8"]

1. d4 {[%clk 1:30:55]} Nf6 {[%clk 1:30:44]} 2. c4 {[%clk 1:31:14]} e6
{[%clk 1:31:04]} 3. Nc3 {[%clk 1:31:37]} Bb4 {[%clk 1:31:13]} 4. e3
{[%clk 1:31:57]} O-O {[%clk 1:30:53]} 5. Bd3 {[%clk 1:32:10]} d5 {[%clk 1:30:13]}
6. Nf3 {[%clk 1:32:26]} c5 {[%clk 1:28:54]} 7. O-O {[%clk 1:32:47]} cxd4
{[%clk 1:28:34]} 8. exd4 {[%clk 1:33:10]} dxc4 {[%clk 1:28:55]} 9. Bxc4
{[%clk 1:33:32]} b6 {[%clk 1:28:58]} 10. Bg5 {[%clk 1:33:51]} Bb7
{[%clk 1:29:04]} 11. Qe2 {[%clk 1:34:12]} Bxc3 {[%clk 1:22:35]} 12. bxc3
{[%clk 1:34:27]} Nbd7 {[%clk 1:22:49]} 13. Bd3 {[%clk 1:34:47]} Qc7
{[%clk 1:21:49]} 14. c4 {[%clk 1:35:10]} Ng4 {[%clk 1:14:26]} 15. Be4
{[%clk 1:35:30]} Bxe4 {[%clk 1:13:29]} 16. Qxe4 {[%clk 1:35:56]} Ngf6
{[%clk 1:13:40]} 17. Qd3 {[%clk 1:36:09]} Rac8 {[%clk 1:08:41]} 18. Rfc1
{[%clk 1:35:23]} Rfe8 {[%clk 1:07:01]} 19. Qb1 {[%clk 1:27:37]} h6
{[%clk 1:04:15]} 20. Bxf6 {[%clk 1:15:44]} Nxf6 {[%clk 1:04:33]} 21. a4
{[%clk 1:16:09]} Red8 {[%clk 0:58:15]} 22. a5 {[%clk 1:15:02]} bxa5
{[%clk 0:52:47]} 23. Qa2 {[%clk 1:09:57]} Nd5 {[%clk 0:49:24]} 24. Qxa5
{[%clk 1:08:53]} Qxa5 {[%clk 0:48:29]} 25. Rxa5 {[%clk 1:09:17]} Ne7
{[%clk 0:48:11]} 26. Rxa7 {[%clk 0:53:36]} Nc6 {[%clk 0:46:21]} 27. Raa1
{[%clk 0:52:58]} Nxd4 {[%clk 0:46:42]} 28. Nxd4 {[%clk 0:53:23]} Rxd4
{[%clk 0:47:05]} 29. c5 {[%clk 0:53:49]} Rc6 {[%clk 0:46:56]} 30. g3
{[%clk 0:50:08]} g5 {[%clk 0:46:22]} 31. Kg2 {[%clk 0:50:05]} Kg7
{[%clk 0:44:45]} 32. Rab1 {[%clk 0:50:10]} Rd5 {[%clk 0:44:46]} 33. Rb5
{[%clk 0:50:34]} h5 {[%clk 0:43:07]} 34. h3 {[%clk 0:50:34]} Kg6 {[%clk 0:41:05]}
35. Rc3 {[%clk 0:48:47]} g4 {[%clk 0:40:44]} 36. Rc4 {[%clk 0:48:18]} f5
{[%clk 0:39:43]} 37. Rb6 {[%clk 0:47:33]} Rxb6 {[%clk 0:39:19]} 38. cxb6
{[%clk 0:48:01]} Rb5 {[%clk 0:39:40]} 39. Rc6 {[%clk 0:48:25]} Kf6
{[%clk 0:40:03]} 40. h4 {[%clk 1:18:44]} Rb1 {[%clk 1:10:03]} 41. Rd6
{[%clk 1:18:46]} Ke7 {[%clk 1:09:55]} 42. Rc6 {[%clk 1:19:09]} Kf6
{[%clk 1:10:20]} 43. Rd6 {[%clk 1:19:34]} Ke7 {[%clk 1:10:39]} 44. Rc6
{[%clk 1:19:59]} Kf6 {[%clk 1:11:02]} 1/2-1/2

[Event "World Team Chess Championship"]
[Site "Khanty-Mansiysk, RUS."]
[Date "2017.06.23"]
[Round "6.12"]
[White "Moiseenko Alexander (UKR)"]
[Black "Li Chao B (CHN)"]
[Result "1/2-1/2"]
[BlackElo "2720"]
[WhiteElo "2677"]
[LiveChessVersion "1.4.8"]

1. d4 {[%clk 1:30:57]} d5 {[%clk 1:30:53]} 2. c4 {[%clk 1:31:21]} dxc4
{[%clk 1:31:18]} 3. Nf3 {[%clk 1:28:33]} a6 {[%clk 1:31:11]} 4. e3
{[%clk 1:27:02]} b5 {[%clk 1:31:29]} 5. a4 {[%clk 1:27:26]} Bb7 {[%clk 1:31:46]}
6. b3 {[%clk 1:23:52]} e6 {[%clk 1:31:50]} 7. bxc4 {[%clk 1:24:13]} bxc4
{[%clk 1:32:12]} 8. Bxc4 {[%clk 1:24:04]} Nf6 {[%clk 1:32:28]} 9. O-O
{[%clk 1:18:55]} c5 {[%clk 1:32:46]} 10. Ba3 {[%clk 1:07:57]} Be7
{[%clk 1:33:04]} 11. Bxc5 {[%clk 1:03:31]} Bxc5 {[%clk 1:32:07]} 12. dxc5
{[%clk 1:03:58]} Qxd1 {[%clk 1:30:34]} 13. Rxd1 {[%clk 1:03:17]} Nbd7
{[%clk 1:30:52]} 1/2-1/2

[Event "World Team Chess Championship"]
[Site "Khanty-Mansiysk, RUS."]
[Date "2017.06.23"]
[Round "6.14"]
[White "Yilmaz Mustafa (TUR)"]
[Black "Adhiban B. (IND)"]
[Result "1-0"]
[BlackElo "2670"]
[WhiteElo "2630"]
[LiveChessVersion "1.4.8"]

1. d4 {[%clk 1:30:57]} d5 {[%clk 1:30:51]} 2. c4 {[%clk 1:31:19]} e6
{[%clk 1:31:16]} 3. Nf3 {[%clk 1:31:20]} Nf6 {[%clk 1:31:40]} 4. Nc3
{[%clk 1:31:45]} c6 {[%clk 1:32:05]} 5. e3 {[%clk 1:32:10]} Nbd7 {[%clk 1:32:22]}
6. Qc2 {[%clk 1:32:35]} Bd6 {[%clk 1:32:26]} 7. Bd3 {[%clk 1:32:59]} O-O
{[%clk 1:32:38]} 8. O-O {[%clk 1:33:24]} dxc4 {[%clk 1:32:54]} 9. Bxc4
{[%clk 1:33:48]} Qe7 {[%clk 1:33:17]} 10. h3 {[%clk 1:32:07]} e5 {[%clk 1:33:14]}
11. Bb3 {[%clk 1:31:13]} Bc7 {[%clk 1:32:54]} 12. Rd1 {[%clk 1:29:27]} h6
{[%clk 1:21:58]} 13. Nh4 {[%clk 1:28:44]} Rd8 {[%clk 1:21:52]} 14. Nf5
{[%clk 1:27:54]} Qf8 {[%clk 1:22:14]} 15. Nb5 {[%clk 1:27:36]} Bb8
{[%clk 1:22:15]} 16. dxe5 {[%clk 1:27:39]} Nxe5 {[%clk 1:21:35]} 17. Rxd8
{[%clk 1:27:57]} Qxd8 {[%clk 1:21:56]} 18. Nbd4 {[%clk 1:28:19]} a5
{[%clk 1:04:33]} 19. a4 {[%clk 1:28:35]} Ba7 {[%clk 0:59:51]} 20. Bd2
{[%clk 1:15:08]} c5 {[%clk 0:44:07]} 21. Nb5 {[%clk 1:12:40]} c4 {[%clk 0:40:13]}
22. Ba2 {[%clk 1:10:19]} Nf3+ {[%clk 0:16:32]} 23. gxf3 {[%clk 1:09:35]} Bxf5
{[%clk 0:16:58]} 24. Qxf5 {[%clk 1:09:43]} Qxd2 {[%clk 0:17:26]} 25. Bxc4
{[%clk 0:53:45]} Bb6 {[%clk 0:17:51]} 26. Qd3 {[%clk 0:41:07]} Rd8
{[%clk 0:18:00]} 27. Qb3 {[%clk 0:38:14]} Qd7 {[%clk 0:18:10]} 28. Kg2
{[%clk 0:25:11]} Nh7 {[%clk 0:18:08]} 29. h4 {[%clk 0:20:54]} Bc5
{[%clk 0:09:17]} 30. Nc3 {[%clk 0:19:46]} Qe7 {[%clk 0:09:41]} 31. Rd1
{[%clk 0:16:26]} Rxd1 {[%clk 0:08:54]} 32. Qxd1 {[%clk 0:12:00]} Nf6
{[%clk 0:09:17]} 33. Qd3 {[%clk 0:09:37]} Bb4 {[%clk 0:08:48]} 34. Ne2
{[%clk 0:08:54]} Nd7 {[%clk 0:09:14]} 35. Qf5 {[%clk 0:06:51]} Ne5
{[%clk 0:08:57]} 36. Bd5 {[%clk 0:06:47]} b6 {[%clk 0:01:44]} 37. f4
{[%clk 0:05:56]} Nd7 {[%clk 0:02:10]} 38. Ng3 {[%clk 0:06:16]} Nf6
{[%clk 0:01:51]} 39. Bb3 {[%clk 0:01:21]} Qc7 {[%clk 0:00:52]} 40. e4
{[%clk 0:30:50]} Qc6 {[%clk 0:30:54]} 41. Qg6 {[%clk 0:12:59]} Qb7
{[%clk 0:30:02]} 42. Kf1 {[%clk 0:05:55]} Kf8 {[%clk 0:29:09]} 43. Qf5
{[%clk 0:06:23]} Qd7 {[%clk 0:25:54]} 44. Qxd7 {[%clk 0:04:48]} Nxd7
{[%clk 0:26:23]} 45. Bc2 {[%clk 0:03:14]} Bd2 {[%clk 0:13:08]} 46. f5
{[%clk 0:03:01]} Ne5 {[%clk 0:12:33]} 47. Ke2 {[%clk 0:02:28]} Bf4
{[%clk 0:12:43]} 48. Nh5 {[%clk 0:02:33]} Bc1 {[%clk 0:13:08]} 49. b3
{[%clk 0:02:00]} Ng4 {[%clk 0:09:46]} 50. Kf3 {[%clk 0:01:12]} Ne5+
{[%clk 0:09:59]} 51. Kg3 {[%clk 0:00:40]} Nc6 {[%clk 0:05:14]} 52. Bd1
{[%clk 0:01:09]} Nd4 {[%clk 0:05:18]} 53. Nf4 {[%clk 0:01:16]} Bxf4+
{[%clk 0:04:57]} 54. Kxf4 {[%clk 0:01:43]} Ke7 {[%clk 0:05:23]} 55. e5
{[%clk 0:01:32]} f6 {[%clk 0:05:11]} 56. Ke4 {[%clk 0:01:33]} fxe5
{[%clk 0:05:00]} 57. f4 {[%clk 0:01:33]} Nc6 {[%clk 0:05:03]} 58. fxe5
{[%clk 0:01:57]} Nb4 {[%clk 0:03:16]} 59. Be2 {[%clk 0:02:21]} Nc6
{[%clk 0:03:34]} 60. Bf3 {[%clk 0:01:24]} Nb4 {[%clk 0:03:58]} 61. Bg2
{[%clk 0:01:00]} Nc2 {[%clk 0:04:08]} 62. Bf1 {[%clk 0:01:11]} Nb4
{[%clk 0:04:31]} 63. Be2 {[%clk 0:00:48]} Nc2 64. Kd3 {[%clk 0:00:45]} Nb4+
{[%clk 0:05:03]} 65. Kc4 {[%clk 0:00:57]} Nc6 {[%clk 0:05:30]} 66. Kd5
{[%clk 0:00:45]} Nb4+ {[%clk 0:05:59]} 67. Kd4 {[%clk 0:01:08]} Nc6+
{[%clk 0:06:15]} 68. Ke4 {[%clk 0:01:35]} Nb4 {[%clk 0:06:40]} 69. Bb5
{[%clk 0:01:40]} Nc2 {[%clk 0:07:02]} 70. Bf1 {[%clk 0:01:09]} Nb4
{[%clk 0:07:28]} 71. Kd4 {[%clk 0:00:38]} Nc2+ {[%clk 0:07:54]} 72. Kd3
{[%clk 0:00:38]} Ne1+ {[%clk 0:03:55]} 73. Ke3 {[%clk 0:00:40]} Nc2+
{[%clk 0:04:21]} 74. Ke4 {[%clk 0:01:06]} Nb4 {[%clk 0:04:44]} 75. Kd4
{[%clk 0:00:40]} Nc2+ {[%clk 0:05:13]} 76. Kd3 {[%clk 0:01:04]} Ne1+
{[%clk 0:05:37]} 77. Kc4 {[%clk 0:01:23]} Nf3 {[%clk 0:06:03]} 78. Kb5
{[%clk 0:01:49]} Nxe5 {[%clk 0:02:15]} 79. Kxb6 {[%clk 0:02:12]} Kd6
{[%clk 0:02:43]} 80. Kxa5 {[%clk 0:02:16]} Nc6+ {[%clk 0:03:04]} 81. Kb6
{[%clk 0:02:22]} Nd4 {[%clk 0:02:57]} 82. a5 {[%clk 0:01:48]} Nxb3
{[%clk 0:03:20]} 83. a6 {[%clk 0:02:14]} Nc5 {[%clk 0:03:42]} 84. a7
{[%clk 0:02:39]} Nd7+ {[%clk 0:04:11]} 85. Ka5 {[%clk 0:02:53]} 1-0

[Event "World Team Chess Championship"]
[Site "Khanty-Mansiysk, RUS."]
[Date "2017.06.23"]
[Round "6.15"]
[White "Sasikiran Krishnan (IND)"]
[Black "Can Emre (TUR)"]
[Result "1-0"]
[BlackElo "2589"]
[WhiteElo "2669"]
[LiveChessVersion "1.4.8"]

1. e4 {[%clk 1:30:57]} c5 {[%clk 1:30:44]} 2. Nf3 {[%clk 1:31:18]} d6
{[%clk 1:30:53]} 3. d4 {[%clk 1:31:37]} cxd4 {[%clk 1:31:09]} 4. Nxd4
{[%clk 1:31:59]} Nf6 {[%clk 1:31:20]} 5. Nc3 {[%clk 1:32:18]} a6 {[%clk 1:31:25]}
6. Be3 {[%clk 1:32:35]} e5 {[%clk 1:31:01]} 7. Nb3 {[%clk 1:32:52]} Be6
{[%clk 1:31:05]} 8. f3 {[%clk 1:32:39]} h5 {[%clk 1:31:02]} 9. Nd5
{[%clk 1:31:11]} Bxd5 {[%clk 1:28:28]} 10. exd5 {[%clk 1:30:32]} Nbd7
{[%clk 1:28:48]} 11. Qd2 {[%clk 1:29:13]} g6 {[%clk 1:27:12]} 12. O-O-O
{[%clk 1:27:28]} Nb6 {[%clk 1:26:48]} 13. Kb1 {[%clk 1:26:27]} Nbxd5
{[%clk 1:25:59]} 14. Bg5 {[%clk 1:19:50]} Be7 {[%clk 1:26:17]} 15. h4
{[%clk 1:14:58]} Nb6 {[%clk 1:19:15]} 16. Bd3 {[%clk 1:06:24]} d5
{[%clk 1:13:21]} 17. Rhe1 {[%clk 1:02:47]} Nfd7 {[%clk 1:11:00]} 18. Na5
{[%clk 0:59:18]} Bxg5 {[%clk 1:07:35]} 19. hxg5 {[%clk 0:59:24]} Qc7
{[%clk 1:06:52]} 20. c4 {[%clk 0:51:27]} dxc4 {[%clk 0:55:23]} 21. Nxc4
{[%clk 0:47:32]} O-O {[%clk 0:49:48]} 22. Nxb6 {[%clk 0:32:40]} Qxb6
{[%clk 0:46:59]} 23. g4 {[%clk 0:32:31]} Nc5 {[%clk 0:41:45]} 24. Bc2
{[%clk 0:22:02]} Rfd8 {[%clk 0:27:32]} 25. Qe3 {[%clk 0:18:06]} Rxd1+
{[%clk 0:21:04]} 26. Rxd1 {[%clk 0:17:08]} h4 {[%clk 0:20:07]} 27. Rh1
{[%clk 0:15:08]} Rd8 {[%clk 0:08:44]} 28. Qe1 {[%clk 0:11:57]} h3
{[%clk 0:09:08]} 29. Qg3 {[%clk 0:10:40]} Qd6 {[%clk 0:07:19]} 30. Qxh3
{[%clk 0:08:08]} Kf8 {[%clk 0:07:42]} 31. Rd1 {[%clk 0:08:04]} Qc7
{[%clk 0:06:01]} 32. Qh8+ {[%clk 0:05:23]} Ke7 {[%clk 0:06:30]} 33. Qf6+
{[%clk 0:03:43]} Ke8 {[%clk 0:06:53]} 34. Qh8+ {[%clk 0:01:24]} Ke7
{[%clk 0:07:21]} 35. Qf6+ {[%clk 0:00:43]} Ke8 {[%clk 0:07:50]} 36. Rxd8+
{[%clk 0:00:38]} Qxd8 {[%clk 0:08:15]} 37. Qxe5+ {[%clk 0:00:54]} Qe7
{[%clk 0:07:25]} 38. Qh8+ {[%clk 0:01:16]} Kd7 {[%clk 0:07:19]} 39. Qd4+
{[%clk 0:01:33]} Qd6 {[%clk 0:06:20]} 40. Qb4 {[%clk 0:30:43]} b6
{[%clk 0:35:00]} 41. Qc4 {[%clk 0:26:08]} Qe6 {[%clk 0:34:10]} 42. Qc3
{[%clk 0:22:20]} Qd6 {[%clk 0:32:04]} 43. Qe3 {[%clk 0:18:06]} Qe6
{[%clk 0:27:55]} 44. Qf2 {[%clk 0:16:52]} Qd6 {[%clk 0:26:11]} 45. f4
{[%clk 0:08:50]} Ne6 {[%clk 0:18:42]} 46. f5 {[%clk 0:07:54]} Nxg5
{[%clk 0:19:07]} 47. Qe3 {[%clk 0:05:53]} Nh7 {[%clk 0:19:30]} 48. fxg6
{[%clk 0:04:43]} fxg6 {[%clk 0:19:52]} 49. Qd3 {[%clk 0:05:03]} Nf8
{[%clk 0:14:01]} 50. Qxa6 {[%clk 0:04:43]} Ke7 {[%clk 0:13:58]} 51. a4
{[%clk 0:04:07]} Qb4 {[%clk 0:12:44]} 52. Qe2+ {[%clk 0:03:04]} Kf6
{[%clk 0:11:51]} 53. Qe4 {[%clk 0:02:33]} Qd6 {[%clk 0:12:05]} 54. Qd3
{[%clk 0:01:51]} Qb4 {[%clk 0:10:33]} 55. Qd8+ {[%clk 0:01:56]} Ke5
{[%clk 0:10:25]} 56. Qc7+ {[%clk 0:01:19]} Kf6 {[%clk 0:10:25]} 57. Qd8+
{[%clk 0:01:11]} Ke5 {[%clk 0:10:37]} 58. Qg5+ {[%clk 0:01:32]} Kd6
{[%clk 0:10:49]} 59. Qf6+ {[%clk 0:01:33]} Ne6 {[%clk 0:11:00]} 60. Qxg6
{[%clk 0:01:40]} Qe1+ {[%clk 0:07:40]} 61. Ka2 {[%clk 0:02:02]} Kc5
{[%clk 0:06:27]} 62. Qf5+ {[%clk 0:02:07]} Kd6 {[%clk 0:06:21]} 63. Qd3+
{[%clk 0:02:10]} Kc7 {[%clk 0:06:06]} 64. Qe4 {[%clk 0:02:15]} Qxe4
{[%clk 0:05:16]} 65. Bxe4 {[%clk 0:02:41]} Kd6 {[%clk 0:05:40]} 66. Bf5
{[%clk 0:02:42]} Nd4 {[%clk 0:06:00]} 67. Ka3 {[%clk 0:02:53]} Kc5
{[%clk 0:06:07]} 68. Bd3 {[%clk 0:03:12]} Nf3 {[%clk 0:05:03]} 69. Kb3
{[%clk 0:01:26]} Ne5 {[%clk 0:05:12]} 70. Be2 {[%clk 0:01:30]} Kd4
{[%clk 0:05:28]} 71. g5 {[%clk 0:01:17]} Ke3 {[%clk 0:05:31]} 72. Bh5
{[%clk 0:01:33]} 1-0